00461nam a2200157Ia 4500008004100000020001500041082001500056100002000071245005400091250000700145260005500152300003000207500001900237600003300256650001400289240925s9999 xx 000 0 und d a1592571921 a001.42 ROZ aRozakis, Laurie 4aThe Complete Idiot's Guide ® to Research Methods aNA aCalifornia:bBrooks/Cole Cengagae Learningc,2004. axvii,942p.bN.AfOriginal aIncludes Index aHumanities & Natural Science aGeneralia